000 00406nam a2200145Ia 4500
008 100122s9999 xx 000 0 und d
082 _b13976
_a570
100 _aसोवनी रा वि
245 _aजीवोत्पती
260 _bशंकराव देव
_c1966
300 _a50
630 _aजीवोत्पती
730 _aजीवोत्पती
942 _cBOOK
999 _c404668
_d404665